| 000 | 00485nam a22001577a 4500 | ||
|---|---|---|---|
| 008 | 161201b xxu||||| |||| 00| 0 eng d | ||
| 050 | _aKZ21.B7(1934 vol.15) | ||
| 245 |
_aThe British year book of international law 1934. / _cMilford, Humphrey. |
||
| 260 |
_aLondon: _bOxford University Press, _c1934 |
||
| 300 |
_avi, 240p. : _c24cm. |
||
| 440 |
_pBritish yearbook _vvol.34 |
||
| 500 | _aIncludes index | ||
| 700 | _aMilford, Humphrey. | ||
| 800 | _aJ. L., Brierly. | ||
| 942 |
_2lcc _cBK |
||
| 999 |
_c6170 _d13670 |
||